000 00554nam a22001937a 4500
999 _c6213
_d6213
003 OSt
005 20190903095731.0
008 190813b ||||| |||| 00| 0 eng d
020 _a9781843982289
040 _c040a
082 _a001.42
_bCAM 2009
100 _aCameron, Sheila; Price, Deborah
_912793
245 _aBusiness Research Methods:
_ba practical approach
260 _aLondon;
_bCIPD,
_c2009
300 _axxxix, 610p;
_bcol.ill:
_c28 cm.
504 _aIncludes bibliographical references
650 _2Research methods
942 _2ddc
_cO_SHELF